STRAGER THING SEASON ONE : (Record no. 204074)
[ view plain ]
| 000 -LEADER | |
|---|---|
| fixed length control field | 01842nam a2200301 i 4500 |
| 003 - CONTROL NUMBER IDENTIFIER | |
| control field | OSt |
| 005 - DATE AND TIME OF LATEST TRANSACTION | |
| control field | 20260504103241.0 |
| 008 - FIXED-LENGTH DATA ELEMENTS--GENERAL INFORMATION | |
| fixed length control field | 260504t20252025nyuaof cr 000 f1eeng d |
| 020 ## - INTERNATIONAL STANDARD BOOK NUMBER | |
| International Standard Book Number | 9798217032440 |
| Terms of availability | RM 63.50 |
| Qualifying information | paperback |
| 040 ## - CATALOGING SOURCE | |
| Original cataloging agency | PPAK |
| Language of cataloging | eng |
| Transcribing agency | PPAK |
| Description conventions | rda |
| 082 04 - DEWEY DECIMAL CLASSIFICATION NUMBER | |
| Edition number | 23 |
| Classification number | 813.6 |
| 090 00 - LOCALLY ASSIGNED LC-TYPE CALL NUMBER (OCLC); LOCAL CALL NUMBER (RLIN) | |
| Classification number (OCLC) (R) ; Classification number, CALL (RLIN) (NR) | 813.6 |
| Feature heading | GIL |
| Feature heading | K |
| 100 1# - MAIN ENTRY--PERSONAL NAME | |
| Personal name | Gilbert, Matthew J., |
| Relator term | author. |
| 245 10 - TITLE STATEMENT | |
| Title | STRAGER THING SEASON ONE : |
| Remainder of title | THE JUNIOR NOVELIZATION / |
| Statement of responsibility, etc. | Adapted by Matthew J. Gilbert. |
| 264 #1 - PRODUCTION, PUBLICATION, DISTRIBUTION, MANUFACTURE, AND COPYRIGHT NOTICE | |
| Place of production, publication, distribution, manufacture | New York, NY : |
| Name of producer, publisher, distributor, manufacturer | Random House, |
| Date of production, publication, distribution, manufacture, or copyright notice | 2025 |
| Date of production, publication, distribution, manufacture, or copyright notice | ©2025 |
| 300 ## - PHYSICAL DESCRIPTION | |
| Extent | 315 pages, 8 unnumbered pages of plates : |
| Other physical details | illustrations, photographs (chiefly color) ; |
| Dimensions | 19 cm |
| 336 ## - CONTENT TYPE | |
| Content type term | text |
| Source | rdacontent |
| 337 ## - MEDIA TYPE | |
| Media type term | unmediated |
| Source | rdamedia |
| 338 ## - CARRIER TYPE | |
| Carrier type term | volume |
| Source | rdacarrier |
| 500 ## - GENERAL NOTE | |
| General note | "The junior novelization." |
| General note | "Based on the episodes "The vanishing of Will Byers," written by The Duffer Brothers; "The weirdo of Maple Street," written by The Duffer Brothers; "Holly, jolly," written by Jessica Mecklenburg; "The body," written by Justin Doble; "The flea and the acrobat," written by Alison Tatlock; "The monster," written by Jessie Nickson-Lopez; "The bathtub," written by Justin Doble; and "The upside down," teleplay by The Duffer Brothers, story by Paul Dichter."--Title page. |
| 520 ## - SUMMARY, ETC. | |
| Summary, etc. | "Hawkins is a quiet town where nothing exciting seems to happen-until one night when a boy named Will Byers vanishes. Follow his friends Mike, Lucas, and Dustin as they search for him and uncover a world of secret experiments and terrifying supernatural forces. Is Eleven, a girl with incredible psychic powers, the secret to the mystery?"-- |
| Assigning source | Provided by publisher |
| 650 10 - SUBJECT ADDED ENTRY--TOPICAL TERM | |
| Topical term or geographic name entry element | Secrecy |
| Form subdivision | Juvenile fiction |
| Topical term or geographic name entry element | Science |
| General subdivision | Experiments |
| Form subdivision | Juvenile fiction |
| Topical term or geographic name entry element | Psychic ability |
| Form subdivision | Juvenile fiction |
| 942 ## - ADDED ENTRY ELEMENTS (KOHA) | |
| Source of classification or shelving scheme | Dewey Decimal Classification |
| Koha item type | Book |
| Withdrawn | Not for loan | Current library | Shelving location | Date acquired | Total Checkouts | Full call number | Barcode | Date last seen | Koha item type |
|---|---|---|---|---|---|---|---|---|---|
| Perpustakaan Alor Setar | Pinjaman Kanak-kanak | 12/05/2026 | K 813.6 GIL | A01916346 | 12/05/2026 | Book | |||
| Perpustakaan Awam Sungai Petani | Pinjaman Kanak-kanak | 12/05/2026 | K 813.6 GIL | A01916347 | 12/05/2026 | Book | |||
| Perpustakaan Baling | Pinjaman Kanak-kanak | 12/05/2026 | K 813.6 GIL | A01916351 | 12/05/2026 | Book | |||
| Perpustakaan Bandar Baharu | Pinjaman Kanak-kanak | 12/05/2026 | K 813.6 GIL | A01916352 | 12/05/2026 | Book | |||
| Perpustakaan Jitra | Pinjaman Kanak-kanak | 12/05/2026 | K 813.6 GIL | A01916348 | 12/05/2026 | Book | |||
| Perpustakaan Kulim | Pinjaman Kanak-kanak | 12/05/2026 | K 813.6 GIL | A01916350 | 12/05/2026 | Book | |||
| Perpustakaan Langkawi | Pinjaman Kanak-kanak | 12/05/2026 | K 813.6 GIL | A01916349 | 12/05/2026 | Book |